Генеалогия языков мира - Statistics

General Stats
  • This quiz has been taken 845 times
    667 since last reset
  • The average score is 4 of 10
Answer Stats
Вопрос Генеалогическая принадлежность % Correct
Корейский язык Корейская семья
100%
Грузинский язык Картвельская семья
100%
Телугу Дравидийская семья
100%
Самодийская ветвь Уральская семья
100%
Относится ли индоевропейская семья к афразийской макросемье? Нет
100%
Относится ли монгольская семья к афразийской макросемье? Нет
100%
Относится ли тунгусо-маньчжурская семья к афразийской макросемье? Нет
100%
Относится ли японо-рюкюская семья к афразийской макросемье? Нет
100%
Относится ли корейская семья к афразийской макросемье? Нет
100%
Относится ли картвельская семья к афразийской макросемье? Нет
100%
Относится ли дравидийская семья к афразийской макросемье? Нет
100%
Относится ли кушитская семья к афразийской макросемье? Да
100%
Относится ли берберо-канарская семья к афразийской макросемье? Да
100%
Относится ли чадская семья к афразийской макросемье? Да
100%
Относится ли омотская семья к афразийской макросемье? Да
100%
Мэнский язык Кельтская ветвь Индоевропейская семья
100%
Корнский язык Кельтская ветвь Индоевропейская семья
100%
Крызский язык Лезгинская ветвь Нахско-дагестанская семья
100%
Пермская группа Финно-угорская ветвь Уральская семья
100%
Латышский язык Балтийская группа Балтославянская ветвь Индоевропейская семья
100%
Хеттский язык (†) Хеттская группа Анатолийская (хетто-лувийская) ветвь Индоевропейская семья
100%
Каталанский язык Романские языки Латино-фалискская группа Италийская ветвь Индоевропейская семья
100%
Относится ли тюркская семья к афразийской макросемье? Нет
90%
Относится ли абхазо-адыгская семья к афразийской макросемье? Нет
89%
Относится ли сино-тибетская семья к афразийской макросемье? Нет
89%
Относится ли енисейская семья к афразийской макросемье? Нет
86%
Греческая ветвь Индоевропейская семья
83%
Балтославянская ветвь Индоевропейская семья
83%
Относится ли уральская семья к афразийской макросемье? Нет
83%
Относится ли юкагирская семья к афразийской макросемье? Нет
83%
Относится ли эскимосско-алеутская семья к афразийской макросемье? Нет
83%
Относится ли семитская семья к афразийской макросемье? Да
80%
Албанский язык Индоевропейская семья
75%
Татарский язык Тюркская семья
75%
Относится ли египетская семья к афразийской макросемье? Да
75%
Тохарский Б (†) Тохарская ветвь Индоевропейская семья
75%
Цыганский язык Индоарийская группа Индоиранская ветвь Индоевропейская семья
75%
Норвежский язык Северогерманская (скандинавская) группа Германская ветвь Индоевропейская семья
75%
Боснийский язык Южнославянские языки Славянская группа Балтославянская ветвь Индоевропейская семья
75%
Нивхский язык Язык-изолят
71%
Туркменский язык Тюркская семья
71%
Маньчжурский и сибинский языки Тунгусо-маньчжурская семья
71%
Польский язык Западнославянские языки Славянская группа Балтославянская ветвь Индоевропейская семья
71%
Карачаево-балкарский язык Тюркская семья
67%
Караимский язык Тюркская семья
67%
Азербайджанский язык Тюркская семья
67%
Турецкий язык Тюркская семья
67%
Уйгурский язык Тюркская семья
67%
Колымский юкагирский (южноюкагирский) язык Юкагирская семья
67%
Тамильский язык Дравидийская семья
67%
Аваро-андийская ветвь Нахско-дагестанская семья
67%
Относится ли чукотско-камчатская семья к афразийской макросемье? Нет
67%
Армянский язык Армянская ветвь Индоевропейская семья
67%
Славянская группа Балтославянская ветвь Индоевропейская семья
67%
Северогерманская (скандинавская) группа Германская ветвь Индоевропейская семья
67%
Нижнелужицкий язык Западнославянские языки Славянская группа Балтославянская ветвь Индоевропейская семья
67%
Чешский язык Западнославянские языки Славянская группа Балтославянская ветвь Индоевропейская семья
67%
Македонский язык Южнославянские языки Славянская группа Балтославянская ветвь Индоевропейская семья
67%
Испанский язык Романские языки Латино-фалискская группа Италийская ветвь Индоевропейская семья
67%
Хакасский язык Тюркская семья
63%
Германская ветвь Индоевропейская семья
63%
Казахский язык Тюркская семья
60%
Тохарская ветвь Индоевропейская семья
60%
Литовский язык Балтийская группа Балтославянская ветвь Индоевропейская семья
60%
Восточнославянские языки Славянская группа Балтославянская ветвь Индоевропейская семья
60%
Индоиранская ветвь Индоевропейская семья
57%
Греческий язык Греческая ветвь Индоевропейская семья
57%
Болгарский язык Южнославянские языки Славянская группа Балтославянская ветвь Индоевропейская семья
57%
Румынский язык Романские языки Латино-фалискская группа Италийская ветвь Индоевропейская семья
57%
Баскский язык Язык-изолят
56%
Хорватский язык Южнославянские языки Славянская группа Балтославянская ветвь Индоевропейская семья
56%
Лакский язык Нахско-дагестанская семья
50%
Чувашский язык Тюркская семья
50%
Узбекский язык Тюркская семья
50%
Бурятский язык Монгольская семья
50%
Нанайский язык Тунгусо-маньчжурская семья
50%
Удэгейский язык Тунгусо-маньчжурская семья
50%
Японский язык Японо-рюкюская семья
50%
Кетский язык Енисейская семья
50%
Сванский язык Картвельская семья
50%
Китайские языки Сино-тибетская семья
50%
Италийская ветвь Индоевропейская семья
50%
Кельтская ветвь Индоевропейская семья
50%
Нахская ветвь Нахско-дагестанская семья
50%
Цезская ветвь Нахско-дагестанская семья
50%
Финно-угорская ветвь Уральская семья
50%
Эскимосская ветвь Эскимосско-алеутская семья
50%
Бретонский язык Кельтская ветвь Индоевропейская семья
50%
Тохарский А (†) Тохарская ветвь Индоевропейская семья
50%
Лезгинский язык Лезгинская ветвь Нахско-дагестанская семья
50%
Мордовская группа Финно-угорская ветвь Уральская семья
50%
Осетинский язык Иранская группа Индоиранская ветвь Индоевропейская семья
50%
Хинди и урду Индоарийская группа Индоиранская ветвь Индоевропейская семья
50%
Санскрит (†) Индоарийская группа Индоиранская ветвь Индоевропейская семья
50%
Английский язык Западногерманская группа Германская ветвь Индоевропейская семья
50%
Африкаанс Западногерманская группа Германская ветвь Индоевропейская семья
50%
Латинский язык (латынь) (†) Латино-фалискская группа Италийская ветвь Индоевропейская семья
50%
Мокшанский язык Мордовская группа Финно-угорская ветвь Уральская семья
50%
Луговомарийский (лугововосточный марийский) язык Марийская группа Финно-угорская ветвь Уральская семья
50%
Кильдинский саамский язык Саамская группа Финно-угорская ветвь Уральская семья
50%
Южнославянские языки Славянская группа Балтославянская ветвь Индоевропейская семья
50%
Романские языки Латино-фалискская группа Италийская ветвь Индоевропейская семья
50%
Белорусский язык Восточнославянские языки Славянская группа Балтославянская ветвь Индоевропейская семья
50%
Окситанский (провансальский) язык Романские языки Латино-фалискская группа Италийская ветвь Индоевропейская семья
50%
Ретороманские языки Романские языки Латино-фалискская группа Италийская ветвь Индоевропейская семья
50%
Лезгинская ветвь Нахско-дагестанская семья
44%
Грабар (†) Армянская ветвь Индоевропейская семья
43%
Шотландский язык Кельтская ветвь Индоевропейская семья
43%
Балтийская группа Балтославянская ветвь Индоевропейская семья
43%
Восточногерманская группа Германская ветвь Индоевропейская семья
43%
Мансийские языки Угорская группа Финно-угорская ветвь Уральская семья
43%
Голландский (нидерландский) язык Западногерманская группа Германская ветвь Индоевропейская семья
42%
Тувинский язык Тюркская семья
40%
Башкирский язык Тюркская семья
40%
Крымско-татарский язык Тюркская семья
40%
Гагаузский язык Тюркская семья
40%
Абазинский язык Абхазо-адыгская семья
40%
Убыхский язык (†) Абхазо-адыгская семья
40%
Алюторский язык Чукотско-корякская ветвь Чукотско-камчатская семья
40%
Сирийский язык (†) Семитская семья Афразийская макросемья
40%
Иранская группа Индоиранская ветвь Индоевропейская семья
40%
Датский язык Северогерманская (скандинавская) группа Германская ветвь Индоевропейская семья
40%
Венгерский язык Угорская группа Финно-угорская ветвь Уральская семья
40%
Украинский язык Восточнославянские языки Славянская группа Балтославянская ветвь Индоевропейская семья
40%
Сербский язык Южнославянские языки Славянская группа Балтославянская ветвь Индоевропейская семья
40%
Каннада Дравидийская семья
38%
Арчинский язык Лезгинская ветвь Нахско-дагестанская семья
38%
Угорская группа Финно-угорская ветвь Уральская семья
38%
Калмыцкий язык Монгольская семья
33%
Эвенкийский язык Тунгусо-маньчжурская семья
33%
Ительменский язык Чукотско-камчатская семья
33%
Мегрельский язык Картвельская семья
33%
Брагуи (брауи) Дравидийская семья
33%
Относится ли нахско-дагестанская семья к афразийской макросемье? Нет
33%
Рутульский язык Лезгинская ветвь Нахско-дагестанская семья
33%
Удинский язык Лезгинская ветвь Нахско-дагестанская семья
33%
Акушинский язык Даргинская ветвь Нахско-дагестанская семья
33%
Тундровый ненецкий язык Самодийская ветвь Уральская семья
33%
Корякский язык Чукотско-корякская ветвь Чукотско-камчатская семья
33%
Арабский язык Семитская семья Афразийская макросемья
33%
Ассирийский новоарамейский язык Семитская семья Афразийская макросемья
33%
Западногерманская группа Германская ветвь Индоевропейская семья
33%
Хеттская группа Анатолийская (хетто-лувийская) ветвь Индоевропейская семья
33%
Татский язык Иранская группа Индоиранская ветвь Индоевропейская семья
33%
Готский язык (†) Восточногерманская группа Германская ветвь Индоевропейская семья
33%
Водский язык Прибалтийско-финская группа Финно-угорская ветвь Уральская семья
33%
Кашубский язык Западнославянские языки Славянская группа Балтославянская ветвь Индоевропейская семья
33%
Галисийский язык Романские языки Латино-фалискская группа Италийская ветвь Индоевропейская семья
33%
Якутский язык Тюркская семья
29%
Тоскский диалект Албанский язык Индоевропейская семья
29%
Будухский язык Лезгинская ветвь Нахско-дагестанская семья
29%
Бацбийский язык Нахская ветвь Нахско-дагестанская семья
29%
Прусский язык (†) Балтийская группа Балтославянская ветвь Индоевропейская семья
29%
Сардинский язык Романские языки Латино-фалискская группа Италийская ветвь Индоевропейская семья
29%
Айнский язык Язык-изолят
25%
Кабардинский язык Абхазо-адыгская семья
25%
Армянская ветвь Индоевропейская семья
25%
Анатолийская (хетто-лувийская) ветвь Индоевропейская семья
25%
Цахурский язык Лезгинская ветвь Нахско-дагестанская семья
25%
Нганасанский язык Самодийская ветвь Уральская семья
25%
Геэз (†) Семитская семья Афразийская макросемья
25%
Персидский язык (фарси) Иранская группа Индоиранская ветвь Индоевропейская семья
25%
Латгальский язык Балтийская группа Балтославянская ветвь Индоевропейская семья
25%
Шведский язык Северогерманская (скандинавская) группа Германская ветвь Индоевропейская семья
25%
Финский язык Прибалтийско-финская группа Финно-угорская ветвь Уральская семья
25%
Коми-пермяцкий язык Пермская группа Финно-угорская ветвь Уральская семья
25%
Русский язык Восточнославянские языки Славянская группа Балтославянская ветвь Индоевропейская семья
25%
Полабский язык (†) Западнославянские языки Славянская группа Балтославянская ветвь Индоевропейская семья
25%
Верхнелужицкий язык Западнославянские языки Славянская группа Балтославянская ветвь Индоевропейская семья
25%
Старославянский язык (†) Южнославянские языки Славянская группа Балтославянская ветвь Индоевропейская семья
25%
Французский язык Романские языки Латино-фалискская группа Италийская ветвь Индоевропейская семья
25%
Эвенский язык Тунгусо-маньчжурская семья
22%
Амхарский язык Семитская семья Афразийская макросемья
22%
Кумыкский язык Тюркская семья
20%
Тундренный юкагирский (северноюкагирский) язык Юкагирская семья
20%
Ирландский язык Кельтская ветвь Индоевропейская семья
20%
Табасаранский язык Лезгинская ветвь Нахско-дагестанская семья
20%
Оскско-умбрская группа Италийская ветвь Индоевропейская семья
20%
Латино-фалискская группа Италийская ветвь Индоевропейская семья
20%
Немецкий язык Западногерманская группа Германская ветвь Индоевропейская семья
20%
Идиш Западногерманская группа Германская ветвь Индоевропейская семья
20%
Коми-зырянский язык Пермская группа Финно-угорская ветвь Уральская семья
20%
Хантыйские языки Угорская группа Финно-угорская ветвь Уральская семья
20%
Словацкий язык Западнославянские языки Славянская группа Балтославянская ветвь Индоевропейская семья
20%
Хиналугский язык Нахско-дагестанская семья
17%
Агульский язык Лезгинская ветвь Нахско-дагестанская семья
17%
Ингушский язык Нахская ветвь Нахско-дагестанская семья
17%
Чеченский язык Нахская ветвь Нахско-дагестанская семья
17%
Лесной ненецкий язык Самодийская ветвь Уральская семья
17%
Чукотский язык Чукотско-корякская ветвь Чукотско-камчатская семья
17%
Иврит Семитская семья Афразийская макросемья
17%
Вепсский язык Прибалтийско-финская группа Финно-угорская ветвь Уральская семья
17%
Фризские языки Западногерманская группа Германская ветвь Индоевропейская семья
17%
Ижорский язык Прибалтийско-финская группа Финно-угорская ветвь Уральская семья
14%
Горномарийский язык Марийская группа Финно-угорская ветвь Уральская семья
14%
Словенский язык Южнославянские языки Славянская группа Балтославянская ветвь Индоевропейская семья
14%
Исландский язык Северогерманская (скандинавская) группа Германская ветвь Индоевропейская семья
11%
Эрзянский язык Мордовская группа Финно-угорская ветвь Уральская семья
11%
Бурушаски Язык-изолят
0%
Ногайский язык Тюркская семья
0%
Каракалпакский язык Тюркская семья
0%
Киргизский язык Тюркская семья
0%
Монгольский язык Монгольская семья
0%
Негидальский язык Тунгусо-маньчжурская семья
0%
Адыгейский язык Абхазо-адыгская семья
0%
Абхазский язык Абхазо-адыгская семья
0%
Лазский язык Картвельская семья
0%
Малаялам Дравидийская семья
0%
Даргинская ветвь Нахско-дагестанская семья
0%
Чукотско-корякская ветвь Чукотско-камчатская семья
0%
Алеутская ветвь Эскимосско-алеутская семья
0%
Гегский диалект Албанский язык Индоевропейская семья
0%
Валлийский язык Кельтская ветвь Индоевропейская семья
0%
Галльский язык (†) Кельтская ветвь Индоевропейская семья
0%
Кубачинский язык Даргинская ветвь Нахско-дагестанская семья
0%
Кайтагский язык Даргинская ветвь Нахско-дагестанская семья
0%
Аварский язык Аваро-андийская ветвь Нахско-дагестанская семья
0%
Энецкий язык Самодийская ветвь Уральская семья
0%
Коптский язык (†) Египетская семья Афразийская макросемья
0%
Древнееврейский язык (библейский иврит) (†) Семитская семья Афразийская макросемья
0%
Тигринья Семитская семья Афразийская макросемья
0%
Селькупские языки Самодийская ветвь Уральская семья
0%
Индоарийская группа Индоиранская ветвь Индоевропейская семья
0%
Нуристанская группа Индоиранская ветвь Индоевропейская семья
0%
Прибалтийско-финская группа Финно-угорская ветвь Уральская семья
0%
Марийская группа Финно-угорская ветвь Уральская семья
0%
Саамская группа Финно-угорская ветвь Уральская семья
0%
Таджикский язык Иранская группа Индоиранская ветвь Индоевропейская семья
0%
Фарерский язык Северогерманская (скандинавская) группа Германская ветвь Индоевропейская семья
0%
Удмуртский язык Пермская группа Финно-угорская ветвь Уральская семья
0%
Западнославянские языки Славянская группа Балтославянская ветвь Индоевропейская семья
0%
Эстонские языки Прибалтийско-финская группа Финно-угорская ветвь Уральская семья
0%
Карельские языки Прибалтийско-финская группа Финно-угорская ветвь Уральская семья
0%
Итальянский язык Романские языки Латино-фалискская группа Италийская ветвь Индоевропейская семья
0%
Португальский язык Романские языки Латино-фалискская группа Италийская ветвь Индоевропейская семья
0%
Сефардский язык Романские языки Латино-фалискская группа Италийская ветвь Индоевропейская семья
0%
Молдавский язык Романские языки Латино-фалискская группа Италийская ветвь Индоевропейская семья
0%
No matching quizzes found
Score Distribution
Percent of People with Each Score
Percentile by Number Answered
Your Score History
You have not taken this quiz since the last reset